Extreme programming and agile methods--XP/Agile Universe 2004 : (رقم التسجيلة. 20178)

تفاصيل مارك
000 -الفاتح
حقل البيانات ثابتة الطول 01493cam a22003374a 4500
001 - رقم الضبط
رقم الضبط 13646099
003 - محدد رقم الضبط
رقم الضبط OSt
005 - وقت وتاريخ اخر تعامل مع التسجيلة
رقم الضبط 20150408114002.0
008 - عناصر البيانات ثابتة الطول - معلومات عامة
حقل البيانات ثابتة الطول 040706s2004 gw a b 101 0 eng
010 ## - رقم ضبط مكتبة الكونجرس
رقم ضبط مكتبة الكونجرس 2004109934
020 ## - الرقم الدولى المعيارى للكتب
الرقم الدولى المعيارى للكتاب 354022839X (softccover : alk. paper)
040 ## - مصدر الفهرسة
وكالة الفهرسة الأصلية DLC
وكالة النسخ DLC
وكالة التعديل DLC
042 ## - رمز التحقق
رمز التحقق pcc
050 00 - رقم طلب مكتبة الكونجرس
رقم التصنيف QA76.76.D47
رقم المادة X63 2004
082 00 - رقم تصنيف ديوى العشرى
رقم التصنيف 005.1
رقم الطبعة 22
111 2# - المدخل الرئيسى - اسم مؤتمر
اسم المؤتمر أو اسم السلطة كمدخل XP/Agile Universe 2004
تاريخ الاجتماع (2004 :
موقع المؤتمر Calgary, Alta.)
9 (RLIN) 8951
245 10 - بيان العنوان
العنوان Extreme programming and agile methods--XP/Agile Universe 2004 :
بقية العنوان 4th Conference on Extreme Programming and Agile Methods, Calgary, Canada, August 15-18, 2004 : proceedings /
بيان المسئوليه,etc Carmen Zannier, Hakan Erdogmus, Lowell Lindstrom (eds.).
260 ## - PUBLICATION, DISTRIBUTION, ETC. (IMPRINT)
مكان الناشر او الموزع Berlin ;
-- New York :
اسم الناشر او الموزع Springer,
تاريخ النشر أو التوزيع 2004.
300 ## - الوصف المادى
التعداد xiv, [233] p. :
تفاصيل ماديه اخرى للوعاء ill. ;
أبعاد الوعاء 24 cm.
440 #0 - بيان السلسلة/مدخل إضافى-العنوان
العنوان Lecture notes in computer science ;
رقم المجلد/ التعيين التسلسلي 3134
9 (RLIN) 8952
504 ## - تبصرة ببليوجرافية
تبصرة ببليوجرافية,الخ Includes bibliographical references and index.
650 #0 - المدخل الاضافى بالموضوع-مصطلح موضوعى
مصطلح موضوعي أو اسم جغرافي كعنصر مدخل Agile software development
التقسيم الفرعي الشكلي Congresses.
9 (RLIN) 8953
650 #0 - المدخل الاضافى بالموضوع-مصطلح موضوعى
مصطلح موضوعي أو اسم جغرافي كعنصر مدخل eXtreme programming
التقسيم الفرعي الشكلي Congresses.
9 (RLIN) 8954
700 1# - المدخل الاضافى - اسم شخصى
الإسم الشخصى Zannier, Carmen.
9 (RLIN) 8955
700 1# - المدخل الاضافى - اسم شخصى
الإسم الشخصى Erdogmus, Hakan.
9 (RLIN) 8956
700 1# - المدخل الاضافى - اسم شخصى
الإسم الشخصى Lindstrom, Lowell.
9 (RLIN) 8957
856 41 - الوصول و الموقع الالكترونى
معرف المصدر الموحد <a href="http://www.springerlink.com/openurl.asp?genre=issue&issn=0302-9743&volume=3134">http://www.springerlink.com/openurl.asp?genre=issue&issn=0302-9743&volume=3134</a>
تبصرة عامة Restricted to Springer LINK subscribers
856 42 - الوصول و الموقع الالكترونى
مواد محددة Publisher description
معرف المصدر الموحد <a href="http://www.loc.gov/catdir/enhancements/fy0814/2004109934-d.html">http://www.loc.gov/catdir/enhancements/fy0814/2004109934-d.html</a>
942 ## - عناصر المدخل الإضافي( كوها)
مصدر التصنيف او مخطط الترفيف Dewey Decimal Classification
Koha [default] item type كتاب
المقتنيات
حالة الفقد نموذج السعر الفعال حالة تلف ليس للاعارة رقم الطلب تاريخ الاكتساب الموقع الحالي الباركود الفرع الرئيسي Date last seen نوع المادة فى نظام كوها مصدر التصنيف او خطة الترفيف Total Checkouts
  2013-03-10     005.1 E X P 2011-12-22 مكتبة مجمع الكليات بالزلفى - طلاب (SZM) 00012395 مكتبة مجمع الكليات بالزلفى - طلاب (SZM) 2013-03-10 كتاب Dewey Decimal Classification  
  2013-03-10     005.1 E X P 2011-12-22 مكتبة مجمع الكليات بالزلفى - طلاب (SZM) 00012396 مكتبة مجمع الكليات بالزلفى - طلاب (SZM) 2013-03-10 كتاب Dewey Decimal Classification  
  2013-03-10     005.1 E X P 2011-12-22 مكتبة مجمع الكليات بالزلفى - طلاب (SZM) 00012397 مكتبة مجمع الكليات بالزلفى - طلاب (SZM) 2013-03-10 كتاب Dewey Decimal Classification